| 000 | 01420cam a2200229 4500 | ||
|---|---|---|---|
| 001 | ##L134355 | ||
| 008 | 060728n2006 000 0 eng u | ||
| 020 | _a1852618825 | ||
| 035 | _a(Sirsi) u134355 | ||
| 041 | 0 | _aeng | |
| 050 | 0 | 4 | _a551.52 $2 18 |
| 110 | 2 |
_aAcclimatise _94994 |
|
| 245 | 0 | 0 |
_aAdapting to climate change _blessons for London |
| 260 |
_aLondon _bGLA _c2006 |
||
| 520 | _aLooks at cities across the world that are presently dealing with climatic conditions that London could experience in years to come. Outlines the London Climate Change Partnership's view of the applicability to London of the policies and measures adopted in other cities and makes recommendations based on the analysis of the 18 city case studies presented. It highlights the need for city-wide planning, driving opportunities for climate-proofing new development through the planning system and the challenge of retrofitting climate adaptation measures to existing buildings. It also identifies where green building design features can provide a win-win solution to aspects of climate change. | ||
| 590 | _aIKA010806 NTK | ||
| 651 | 4 | _aLONDON | |
| 690 | _aENVIRONMENTAL AND LAND CONSULTANCY-ENVIRONMENTAL MANAGEMENT | ||
| 710 | 2 |
_aLondon Climate Change Partnership _94995 |
|
| 856 | 4 | 0 |
_uhttps://www.london.gov.uk/view_press_release.jsp?releaseid=8666 _zView the report free of charge at www.london.gov.uk... |
| 942 | _n0 | ||
| 999 |
_c105656 _d105656 |
||